[Event "NAYCC U18"]
[Site "Windsor CAN"]
[Date "2016.08.08"]
[Round "3.9"]
[White "Zheng, Andrew"]
[Black "Chiku-Ratte, Olivier-Kenta"]
[Result "1-0"]
[WhiteElo "2083"]
[BlackElo "2323"]
[PlyCount "55"]
[EventDate "2016.08.07"]
[EventType "swiss"]
[EventRounds "9"]
[EventCountry "CAN"]

1. e4 c5 2. Nf3 e6 3. d4 cxd4 4. Nxd4 a6 5. Nc3 Qc7 6. Bd3 Nf6 7. O-O Be7 8.
Be3 O-O 9. f4 d6 10. Qf3 g6 11. f5 Nc6 12. Nxc6 bxc6 13. Bh6 Qb6+ 14. Kh1 Qxb2
15. Bxf8 Kxf8 16. Ne2 Bd7 17. Rab1 Qxa2 18. fxg6 hxg6 19. Rb7 Rd8 20. e5 dxe5
21. Nc3 Qa3 22. Ne4 Bc8 23. Rb3 Qa5 24. Nxf6 Bxf6 25. Qxf6 Qc7 26. Bxg6 Rd7 27.
Bxf7 Rxf7 28. Qh8+ 1-0

[Event "NAYCC U18"]
[Site "Windsor CAN"]
[Date "2016.08.09"]
[Round "4.12"]
[White "Chiku-Ratte, Olivier-Kenta"]
[Black "Dommalapati, Abhinay"]
[Result "1-0"]
[WhiteElo "2323"]
[BlackElo "1832"]
[PlyCount "75"]
[EventDate "2016.08.07"]
[EventType "swiss"]
[EventRounds "9"]
[EventCountry "CAN"]

1. d4 e6 2. c4 Nf6 3. Nc3 d5 4. cxd5 exd5 5. Bg5 Nbd7 6. Qc2 c6 7. e3 Be7 8.
Bd3 O-O 9. Nge2 Re8 10. O-O Nf8 11. f3 h6 12. Bh4 Ne6 13. Rad1 Ng5 14. Bxg5
hxg5 15. e4 dxe4 16. fxe4 Bg4 17. h3 Bxe2 18. Bxe2 Bb4 19. e5 Nd5 20. Nxd5 cxd5
21. Qb3 Qa5 22. a3 Be7 23. Bf3 Qb6 24. Qxb6 axb6 25. Bxd5 Red8 26. Bxf7+ Kh8
27. Be6 Rxd4 28. Rc1 Rd2 29. Rc7 Re8 30. Bf7 Bd8 31. Bxe8 Bxc7 32. Bg6 Kg8 33.
e6 Bd6 34. Rf7 Re2 35. Rd7 Bc5+ 36. Kf1 Rf2+ 37. Ke1 Kf8 38. e7+ 1-0

[Event "NAYCC U18"]
[Site "Windsor CAN"]
[Date "2016.08.09"]
[Round "5.7"]
[White "Chiku-Ratte, Olivier-Kenta"]
[Black "Song, Terry"]
[Result "1-0"]
[WhiteElo "2323"]
[BlackElo "2208"]
[PlyCount "63"]
[EventDate "2016.08.07"]
[EventType "swiss"]
[EventRounds "9"]
[EventCountry "CAN"]

1. d4 Nf6 2. c4 g6 3. Nc3 Bg7 4. e4 d6 5. f4 O-O 6. Nf3 Bg4 7. Be2 a6 8. O-O
Bxf3 9. Bxf3 e5 10. fxe5 dxe5 11. d5 Qe7 12. Be3 Nbd7 13. Kh1 a5 14. g4 Nc5 15.
g5 Ne8 16. b3 b6 17. Qe2 Nd6 18. Rab1 f5 19. gxf6 Bxf6 20. a3 Bg5 21. Bg1 Rf4
22. b4 axb4 23. axb4 Na4 24. Nxa4 Rxa4 25. Bg2 Kg7 26. Rfd1 Bh6 27. Qc2 Ra8 28.
c5 Nb5 29. cxb6 cxb6 30. d6 Qb7 31. Qb2 Rxe4 32. Qc2 1-0

[Event "NAYCC U18"]
[Site "Windsor CAN"]
[Date "2016.08.10"]
[Round "6.6"]
[White "Hong, Andrew"]
[Black "Chiku-Ratte, Olivier-Kenta"]
[Result "0-1"]
[WhiteElo "2297"]
[BlackElo "2323"]
[PlyCount "114"]
[EventDate "2016.08.07"]
[EventType "swiss"]
[EventRounds "9"]
[EventCountry "CAN"]

1. e4 c5 2. Nf3 d6 3. d4 cxd4 4. Nxd4 Nf6 5. Nc3 g6 6. Be3 Bg7 7. f3 a6 8. Qd2
Nbd7 9. Bc4 b5 10. Bd5 Nxd5 11. Nxd5 Bb7 12. Bg5 Bxd5 13. exd5 Ne5 14. b3 Qb6
15. Be3 Qb7 16. O-O Qxd5 17. Nf5 Qxd2 18. Nxg7+ Kf8 19. Bxd2 Kxg7 20. Bc3 Rhc8
21. Bxe5+ dxe5 22. Rf2 Rc5 23. a4 b4 24. Rd1 Rac8 25. Rdd2 f5 26. Rfe2 Kf6 27.
Kf2 R8c6 28. Ke1 Rd6 29. Kf2 Rc3 30. Ke1 g5 31. Kf2 Rd4 32. h3 Rc6 33. g4 f4
34. Ke1 Rcd6 35. Rxd4 exd4 36. Kd2 e5 37. Rh2 e4 38. fxe4 Ke5 39. Kd3 Rc6 40.
Kd2 Kxe4 41. h4 h6 42. hxg5 hxg5 43. Rh3 f3 44. Rh8 Kf4 45. Rd8 Kg3 46. Rf8 f2
47. Ke2 Re6+ 48. Kd3 Re3+ 49. Kxd4 Rf3 50. Rxf3+ Kxf3 51. Kc5 f1=Q 52. Kxb4
Kxg4 53. Ka5 Kf5 54. c4 Qd3 55. c5 Qxb3 56. c6 Ke6 57. c7 Kd7 0-1

[Event "NAYCC U18"]
[Site "Windsor CAN"]
[Date "2016.08.10"]
[Round "7.4"]
[White "Chiku-Ratte, Olivier-Kenta"]
[Black "Wang, Justin"]
[Result "1-0"]
[WhiteElo "2323"]
[BlackElo "2177"]
[PlyCount "121"]
[EventDate "2016.08.07"]
[EventType "swiss"]
[EventRounds "9"]
[EventCountry "CAN"]

1. d4 Nf6 2. c4 e6 3. Nc3 d5 4. cxd5 exd5 5. Bg5 c6 6. e3 h6 7. Bh4 Bf5 8. Qf3
Bg6 9. Bxf6 Qxf6 10. Qxf6 gxf6 11. Nf3 Nd7 12. Nh4 Bb4 13. O-O-O a5 14. Bd3
Bxd3 15. Rxd3 Kd8 16. Ne2 Kc7 17. Nf5 Rag8 18. Nf4 Rg5 19. Nh4 Bd6 20. Nh3 Rg4
21. g3 Re8 22. f3 Rgg8 23. Nf5 Nb6 24. g4 Nc4 25. b3 Nb6 26. Nf2 Rh8 27. Rc3
Bb4 28. Rc2 Ba3+ 29. Kd2 Ra8 30. h4 a4 31. Nd3 axb3 32. axb3 Bd6 33. Kc3 Nc8
34. e4 dxe4 35. fxe4 Re8 36. Re2 Bf8 37. Rf1 Ne7 38. Ng3 Bg7 39. Nh5 Bh8 40.
Nxf6 Bxf6 41. Rxf6 Nd5+ 42. exd5 Rxe2 43. d6+ Kb6 44. Rxf7 Re3 45. Kc4 Rb8 46.
Nc5 Ka7 47. Rc7 Ree8 48. Rh7 Rg8 49. d7 Rg6 50. Re7 Rd6 51. Ne6 Kb6 52. Re8
Rxd7 53. Rxb8 Ka7 54. Rh8 Rf7 55. Rxh6 Rf1 56. g5 Ka6 57. Nc5+ Ka7 58. Rh7 Kb8
59. Rxb7+ Kc8 60. g6 Kd8 61. g7 1-0

[Event "NAYCC U18"]
[Site "Windsor CAN"]
[Date "2016.08.11"]
[Round "8.2"]
[White "Wu, Christopher"]
[Black "Chiku-Ratte, Olivier-Kenta"]
[Result "1-0"]
[WhiteElo "2338"]
[BlackElo "2323"]
[PlyCount "109"]
[EventDate "2016.08.07"]
[EventType "swiss"]
[EventRounds "9"]
[EventCountry "CAN"]

1. e4 c5 2. Nf3 d6 3. d4 cxd4 4. Nxd4 Nf6 5. Nc3 g6 6. Be3 Bg7 7. f3 a6 8. Qd2
Nbd7 9. g4 b5 10. g5 Nh5 11. a4 bxa4 12. Rxa4 Bb7 13. Be2 O-O 14. O-O Nc5 15.
Ra3 e5 16. Nb3 Ne6 17. Na5 Qc7 18. Rd1 Rfd8 19. Nxb7 Qxb7 20. Nd5 Nhf4 21. Rb3
Qd7 22. Nxf4 Nxf4 23. Bxf4 exf4 24. Qxf4 Be5 25. Qd2 Rab8 26. Rxb8 Rxb8 27. b3
Qh3 28. f4 Bg7 29. Qd3 Qh4 30. Qg3 Qxg3+ 31. hxg3 Rb6 32. Kf2 Bc3 33. Bc4 Kg7
34. Ke3 Bb4 35. Kd3 Bc5 36. Ra1 Bf2 37. g4 f6 38. gxf6+ Kxf6 39. g5+ Kg7 40.
Rxa6 Rxa6 41. Bxa6 h6 42. gxh6+ Kxh6 43. e5 dxe5 44. fxe5 Kg7 45. Ke4 Kf7 46.
Kd5 Be1 47. c4 Bb4 48. c5 Ke7 49. Bc8 Kd8 50. Bg4 Ke7 51. e6 Kd8 52. Kd6 Ke8
53. Bf3 Kf8 54. e7+ Kf7 55. Bd5+ 1-0

[Event "NAYCC U18"]
[Site "Windsor CAN"]
[Date "2016.08.11"]
[Round "9.3"]
[White "Chiku-Ratte, Olivier-Kenta"]
[Black "Song, Edward"]
[Result "1/2-1/2"]
[WhiteElo "2323"]
[BlackElo "2300"]
[PlyCount "129"]
[EventDate "2016.08.07"]
[EventType "swiss"]
[EventRounds "9"]
[EventCountry "CAN"]

1. d4 d5 2. c4 c6 3. Nf3 Nf6 4. Nc3 a6 5. c5 Bf5 6. h3 Nbd7 7. Bf4 g6 8. e3 Bg7
9. Be2 Be4 10. O-O Bxf3 11. Bxf3 O-O 12. b4 Ne8 13. Qd2 e5 14. Bh2 Nc7 15. dxe5
Nxe5 16. Be2 Qe7 17. Qc2 Rad8 18. Rad1 f5 19. Rfe1 Ne6 20. Bf1 Qf7 21. Ne2 Kh8
22. Nd4 Rde8 23. Nxe6 Rxe6 24. a4 g5 25. Bxe5 Rxe5 26. b5 axb5 27. axb5 Rfe8
28. bxc6 bxc6 29. Qa4 R5e6 30. Qa5 Qe7 31. Be2 g4 32. hxg4 f4 33. Bf3 fxe3 34.
fxe3 Rxe3 35. Kf1 Bc3 36. Rxe3 Qxe3 37. Qa4 Qxc5 38. Bxd5 Rf8+ 39. Bf3 Bg7 40.
Qe4 Qc3 41. Kf2 Qb2+ 42. Kg3 c5 43. Rd5 Qb8+ 44. Kh3 Qc7 45. Rh5 Bd4 46. Qb7
Qxb7 47. Bxb7 c4 48. Be4 Rf7 49. Rd5 Bb2 50. Rc5 c3 51. Bf5 Kg7 52. g5 Re7 53.
Kg4 Ra7 54. Kh5 Re7 55. Rc6 Ra7 56. Rc8 Ba3 57. Be6 Bf8 58. Rxc3 Re7 59. Rc6
Ra7 60. g3 Re7 61. Bf5 Ra7 62. Rf6 Rf7 63. Bxh7 Rxf6 64. gxf6+ Kxf6 65. g4
1/2-1/2

[Event "Calgary int."]
[Site "Calgary CAN"]
[Date "2016.07.27"]
[Round "1.9"]
[White "Chiku-Ratte, Olivier-Kenta"]
[Black "Wang, Jeff"]
[Result "1-0"]
[WhiteElo "2386"]
[BlackElo "1844"]
[PlyCount "67"]
[EventDate "2016.07.27"]
[EventType "swiss"]
[EventRounds "9"]
[EventCountry "CAN"]

1. d4 Nf6 2. c4 e6 3. Nc3 Bb4 4. e3 O-O 5. Bd3 d5 6. a3 Be7 7. Nf3 Re8 8. O-O
Nbd7 9. Qe2 c6 10. e4 dxe4 11. Nxe4 Nxe4 12. Bxe4 Qc7 13. Bd2 Nf6 14. c5 h6 15.
Rac1 Nd5 16. Ne5 Bf6 17. Qh5 Rd8 18. f4 Bxe5 19. fxe5 f5 20. exf6 Nxf6 21. Rxf6
gxf6 22. Bxh6 f5 23. Qg6+ Kh8 24. Bg5 Rf8 25. Bf6+ Rxf6 26. Qxf6+ Qg7 27. Qd8+
Qg8 28. Qd6 fxe4 29. Rc3 e5 30. Rg3 Bg4 31. Qxe5+ Kh7 32. Qxe4+ Kh8 33. Rxg4
Qc4 34. Qe5+ 1-0

[Event "Calgary int."]
[Site "Calgary CAN"]
[Date "2016.07.28"]
[Round "2.2"]
[White "Mikhalevski, Victor"]
[Black "Chiku-Ratte, Olivier-Kenta"]
[Result "1-0"]
[WhiteElo "2545"]
[BlackElo "2386"]
[PlyCount "87"]
[EventDate "2016.07.27"]
[EventType "swiss"]
[EventRounds "9"]
[EventCountry "CAN"]

1. d4 Nf6 2. c4 c5 3. d5 e6 4. Nc3 exd5 5. cxd5 d6 6. Nf3 g6 7. Bf4 a6 8. a4
Bg7 9. h3 O-O 10. e3 Qe7 11. Be2 Nbd7 12. O-O Ne8 13. Nd2 b6 14. Re1 Rb8 15.
Bf1 g5 16. Bh2 f5 17. Ra3 Nc7 18. Rb3 Bxc3 19. bxc3 b5 20. Qb1 Qf6 21. Rc1 c4
22. Nxc4 Nc5 23. Rb4 f4 24. e4 Nxe4 25. Qxe4 Bf5 26. Qf3 bxc4 27. Rxc4 Nxd5 28.
Qxd5+ Be6 29. Qxd6 Bxc4 30. Bxc4+ Kh8 31. Qxf6+ Rxf6 32. g3 Rc8 33. Bf1 Kg7 34.
gxf4 gxf4 35. Kg2 f3+ 36. Kh1 Rc5 37. c4 Kf7 38. Bg3 h5 39. Kh2 Ke6 40. Bd3 Kd7
41. h4 Ra5 42. c5 Rxa4 43. c6+ Kc8 44. Bf1 1-0

[Event "Calgary int."]
[Site "Calgary CAN"]
[Date "2016.07.28"]
[Round "3.6"]
[White "Chiku-Ratte, Olivier-Kenta"]
[Black "Sinanan, Joshua"]
[Result "1-0"]
[WhiteElo "2386"]
[BlackElo "2175"]
[PlyCount "73"]
[EventDate "2016.07.27"]
[EventType "swiss"]
[EventRounds "9"]
[EventCountry "CAN"]

1. d4 Nf6 2. c4 e6 3. Nc3 Bb4 4. f3 d5 5. a3 Be7 6. e4 dxe4 7. fxe4 e5 8. d5
Bc5 9. Nf3 Bg4 10. h3 Bxf3 11. Qxf3 Nbd7 12. Bd3 c6 13. Bd2 Qe7 14. O-O-O O-O
15. g4 a5 16. Kb1 Ne8 17. g5 Nd6 18. Rc1 Rfc8 19. h4 Nb6 20. Qe2 Bd4 21. h5
cxd5 22. Nxd5 Nxd5 23. cxd5 Qd8 24. Ka2 Qb6 25. b3 Rxc1 26. Rxc1 Qd8 27. Qg4
Qe7 28. g6 h6 29. gxf7+ Nxf7 30. Bb5 Nd6 31. Bd3 Kh8 32. Qg6 Bb6 33. Bxh6 gxh6
34. Qxh6+ Kg8 35. Rc2 Kf7 36. Qg6+ Kf8 37. Rg2 1-0

[Event "Calgary int."]
[Site "Calgary CAN"]
[Date "2016.07.29"]
[Round "4.6"]
[White "Peter, Steven"]
[Black "Chiku-Ratte, Olivier-Kenta"]
[Result "1-0"]
[WhiteElo "2083"]
[BlackElo "2386"]
[PlyCount "99"]
[EventDate "2016.07.27"]
[EventType "swiss"]
[EventRounds "9"]
[EventCountry "CAN"]

1. e4 c5 2. Nf3 e6 3. b3 d6 4. Bb2 b6 5. Bd3 Bb7 6. O-O e5 7. Re1 g6 8. c3 Bg7
9. Bb5+ Nd7 10. d4 a6 11. Bxd7+ Qxd7 12. dxc5 dxc5 13. Qxd7+ Kxd7 14. c4 f6 15.
Nc3 Ne7 16. Rad1+ Kc7 17. Nd5+ Bxd5 18. exd5 Nf5 19. g4 Nd4 20. Bxd4 cxd4 21.
Nxd4 Kd7 22. Ne6 Bf8 23. g5 Be7 24. gxf6 Bxf6 25. b4 Rhc8 26. c5 Rab8 27. c6+
Kd6 28. Re3 Ra8 29. a4 Ra7 30. Kg2 Rf7 31. a5 bxa5 32. bxa5 Bd8 33. f3 h6 34.
Rb3 Bxa5 35. Ra3 Bc7 36. Rxa6 Rb8 37. Ra7 Re8 38. Rxc7 Rxc7 39. Nxc7 Kxc7 40.
Kf2 Kd6 41. Ke3 Rb8 42. Rd3 Rb4 43. Rc3 Rb8 44. c7 Rc8 45. Ke4 Kd7 46. Rc6 h5
47. Rxg6 Rf8 48. Rc6 Kc8 49. d6 h4 50. Rb6 1-0

[Event "Calgary int."]
[Site "Calgary CAN"]
[Date "2016.07.30"]
[Round "5.7"]
[White "Chiku-Ratte, Olivier-Kenta"]
[Black "Haessel, Dale"]
[Result "1/2-1/2"]
[WhiteElo "2386"]
[BlackElo "2187"]
[PlyCount "80"]
[EventDate "2016.07.27"]
[EventType "swiss"]
[EventRounds "9"]
[EventCountry "CAN"]

1. d4 Nf6 2. c4 g6 3. Nc3 d5 4. cxd5 Nxd5 5. e4 Nxc3 6. bxc3 Bg7 7. Nf3 c5 8.
Rb1 O-O 9. Be2 cxd4 10. cxd4 Qa5+ 11. Bd2 Qxa2 12. O-O Bg4 13. Bg5 h6 14. Be3
Nc6 15. d5 Na5 16. Bc5 b6 17. Bxe7 Rfe8 18. d6 Nc6 19. Bb5 Nxe7 20. Bxe8 Rxe8
21. dxe7 Rxe7 22. h3 Bxf3 23. Qxf3 Qe6 24. Rfe1 Bd4 25. Rbd1 Qe5 26. Qd3 Bc5
27. Qa6 Kg7 28. Re2 Qf4 29. Qc4 a5 30. Rd8 h5 31. Rd5 Rc7 32. Qc3+ Qf6 33. Qg3
Re7 34. Rxh5 Qa1+ 35. Kh2 Qd1 36. Rxc5 Qxe2 37. Rc6 Qxe4 38. Rxb6 Qd4 39. Ra6
Re2 40. Rxa5 Rxf2 1/2-1/2

[Event "Calgary int."]
[Site "Calgary CAN"]
[Date "2016.07.30"]
[Round "6.6"]
[White "Kazmaier, Daniel"]
[Black "Chiku-Ratte, Olivier-Kenta"]
[Result "0-1"]
[WhiteElo "2194"]
[BlackElo "2386"]
[PlyCount "100"]
[EventDate "2016.07.27"]
[EventType "swiss"]
[EventRounds "9"]
[EventCountry "CAN"]

1. c4 c5 2. Nc3 Nf6 3. e4 d6 4. g3 g6 5. Bg2 Bg7 6. Nge2 O-O 7. O-O Nc6 8. f4
Bg4 9. h3 Bxe2 10. Nxe2 Nd7 11. d3 Rb8 12. Rb1 Qa5 13. a3 b5 14. b3 Rfc8 15. h4
Nb6 16. Bh3 Rc7 17. f5 Ne5 18. h5 gxf5 19. h6 Bh8 20. Bxf5 Nbd7 21. Nf4 Nf6 22.
Nd5 Nxd5 23. exd5 Bf6 24. Be4 bxc4 25. dxc4 Qc3 26. Bf4 Kh8 27. Kh2 Rcb7 28.
Qh5 Rxb3 29. Rxb3 Qxb3 30. Bxe5 Bxe5 31. Rf3 Qd1 32. Bxh7 Rb2+ 33. Kh3 Qh1+ 34.
Kg4 Qxh5+ 35. Kxh5 Rh2+ 36. Kg4 Kxh7 37. Rxf7+ Kg6 38. Rxe7 Rxh6 39. Re6+ Kg7
40. Re7+ Kf8 41. Rxa7 Rg6+ 42. Kf5 Rxg3 43. Ra4 Ke7 44. Ra7+ Kd8 45. Ra8+ Kc7
46. Ke6 Kb7 47. Ra5 Rg4 48. Ra4 Rg8 49. Kd7 Kb6 50. Ke6 Rb8 0-1

[Event "Calgary int."]
[Site "Calgary CAN"]
[Date "2016.07.31"]
[Round "7.6"]
[White "Chiku-Ratte, Olivier-Kenta"]
[Black "Kostadinov, Georgi"]
[Result "1-0"]
[WhiteElo "2386"]
[BlackElo "2018"]
[PlyCount "99"]
[EventDate "2016.07.27"]
[EventType "swiss"]
[EventRounds "9"]
[EventCountry "CAN"]

1. d4 d5 2. c4 c6 3. Nf3 Nf6 4. e3 a6 5. Bd3 e6 6. O-O Nbd7 7. b3 Bd6 8. Bb2
O-O 9. Qc2 Re8 10. Nbd2 e5 11. cxd5 cxd5 12. dxe5 Nxe5 13. Nxe5 Bxe5 14. Bxe5
Rxe5 15. Rac1 Re7 16. Qc5 Be6 17. Qd4 Rc8 18. h3 Rec7 19. Rcd1 Qe7 20. b4 a5
21. bxa5 Qa3 22. Nb3 Qxa2 23. Qb4 Qb2 24. Rb1 Qc3 25. Qd4 Ne4 26. Bxe4 dxe4 27.
Qxc3 Rxc3 28. Nd4 Bc4 29. Rfd1 Ba6 30. Nf5 Rb8 31. Nd6 Bd3 32. Rxb7 Rxb7 33.
Nxb7 Kf8 34. Ra1 Rc6 35. Ra4 f5 36. Rb4 Ke7 37. Rb6 Kd7 38. Kh2 Kc7 39. Rxc6+
Kxc6 40. Nd8+ Kd7 41. Nf7 Ke7 42. Ne5 Kd6 43. f4 Bb5 44. g4 fxg4 45. hxg4 Kc5
46. Kg3 Kd5 47. Nf7 h6 48. f5 Kc5 49. Kf4 Bd3 50. Nd8 1-0

[Event "Calgary int."]
[Site "Calgary CAN"]
[Date "2016.07.31"]
[Round "8.3"]
[White "Kamsky, Gata"]
[Black "Chiku-Ratte, Olivier-Kenta"]
[Result "1-0"]
[WhiteElo "2660"]
[BlackElo "2386"]
[PlyCount "67"]
[EventDate "2016.07.27"]
[EventType "swiss"]
[EventRounds "9"]
[EventCountry "CAN"]

1. e4 c5 2. Nf3 d6 3. Nc3 Nf6 4. Bc4 g6 5. d3 Bg7 6. h3 Nc6 7. a3 O-O 8. O-O a6
9. Ba2 b5 10. Bg5 Bb7 11. Qd2 Rc8 12. Rfe1 Nd7 13. Bh6 Nd4 14. Nxd4 Bxh6 15.
Qxh6 cxd4 16. Ne2 Rxc2 17. Nxd4 Rc5 18. b4 Rc3 19. Nf3 Rxd3 20. Ng5 Nf6 21. Re3
Rxe3 22. fxe3 Bxe4 23. Rf1 Bf5 24. e4 e6 25. exf5 exf5 26. Nxh7 Nxh7 27. Qxg6+
Kh8 28. Bxf7 Qb6+ 29. Kh1 Qe3 30. Rxf5 d5 31. Qd6 Qe4 32. Rf3 d4 33. Kh2 Qh4
34. Qe5+ 1-0

[Event "Calgary int."]
[Site "Calgary CAN"]
[Date "2016.08.01"]
[Round "9.5"]
[White "Chiku-Ratte, Olivier-Kenta"]
[Black "Shi, Diwen"]
[Result "1-0"]
[WhiteElo "2386"]
[BlackElo "2132"]
[PlyCount "69"]
[EventDate "2016.07.27"]
[EventType "swiss"]
[EventRounds "9"]
[EventCountry "CAN"]

1. d4 Nf6 2. c4 e5 3. dxe5 Ng4 4. Bf4 g5 5. Bg3 Nc6 6. Nf3 Bg7 7. Nc3 Ngxe5 8.
Nxe5 Nxe5 9. e3 d6 10. Be2 Be6 11. Qb3 Qd7 12. O-O O-O-O 13. Nb5 a6 14. Bxe5
Bxe5 15. Nd4 h5 16. Rfd1 g4 17. g3 h4 18. Bf1 c5 19. Nxe6 fxe6 20. Qc2 Qf7 21.
Bg2 hxg3 22. hxg3 Rdf8 23. Rd2 Rh6 24. Rad1 Rf6 25. a3 Qh5 26. b4 cxb4 27. c5
d5 28. c6 b6 29. Qa4 a5 30. Qb5 Kc7 31. Qa6 Qf7 32. Bxd5 exd5 33. Qb7+ Kd6 34.
Rxd5+ Qxd5 35. Qd7+ 1-0

[Event "CAN-op"]
[Site "Windsor CAN"]
[Date "2016.07.10"]
[Round "1.5"]
[White "Chiku-Ratte, Olivier-Kenta"]
[Black "Song, Sam"]
[Result "1-0"]
[WhiteElo "2386"]
[BlackElo "2049"]
[PlyCount "53"]
[EventDate "2016.07.10"]
[EventType "swiss"]
[EventRounds "9"]
[EventCountry "CAN"]

1. d4 Nf6 2. c4 e6 3. Nc3 Bb4 4. f3 O-O 5. a3 Bxc3+ 6. bxc3 Nh5 7. Nh3 d5 8. e3
c5 9. Nf2 Nc6 10. Bd3 b6 11. cxd5 exd5 12. g4 Nf6 13. O-O Re8 14. Qc2 h6 15.
Nh1 c4 16. Bf5 Na5 17. Bd2 Nb3 18. Rae1 Bb7 19. Ng3 g6 20. Bxg6 Nxd2 21. Bxf7+
Kxf7 22. Qxd2 Qd7 23. e4 dxe4 24. fxe4 Bxe4 25. Qxh6 Bg6 26. Rxf6+ Kxf6 27.
Nh5+ 1-0

[Event "CAN-op"]
[Site "Windsor CAN"]
[Date "2016.07.11"]
[Round "2.4"]
[White "Doknjas, John"]
[Black "Chiku-Ratte, Olivier-Kenta"]
[Result "1-0"]
[WhiteElo "2133"]
[BlackElo "2386"]
[PlyCount "77"]
[EventDate "2016.07.10"]
[EventType "swiss"]
[EventRounds "9"]
[EventCountry "CAN"]

1. d4 Nf6 2. c4 c5 3. d5 e6 4. Nc3 exd5 5. cxd5 d6 6. e4 g6 7. f4 Bg7 8. Bb5+
Nfd7 9. Nf3 O-O 10. O-O a6 11. Bd3 b5 12. Qe1 Nb6 13. f5 N8d7 14. Bg5 Bf6 15.
Qh4 Ra7 16. e5 dxe5 17. Ne4 Nxd5 18. Nxf6+ N5xf6 19. Rad1 Qb6 20. Bc2 c4+ 21.
Kh1 Re8 22. fxg6 hxg6 23. Nxe5 Rxe5 24. Rxf6 Nxf6 25. Bxf6 Rh5 26. Qf2 Qc7 27.
Rd8+ Qxd8 28. Bxd8 Rd7 29. Bb6 Rhd5 30. Qf3 Rd2 31. Qa8 Kg7 32. Qxc8 Re7 33. h3
Re6 34. Ba5 Rxc2 35. Bc3+ Kh6 36. Qh8+ Kg5 37. Qd8+ Kf4 38. Qh4+ Ke3 39. Qg3+
1-0

[Event "CAN-op"]
[Site "Windsor CAN"]
[Date "2016.07.12"]
[Round "3.10"]
[White "Chiku-Ratte, Olivier-Kenta"]
[Black "Li, Yinshi"]
[Result "0-1"]
[WhiteElo "2386"]
[BlackElo "2076"]
[PlyCount "100"]
[EventDate "2016.07.10"]
[EventType "swiss"]
[EventRounds "9"]
[EventCountry "CAN"]

1. d4 d5 2. c4 c6 3. Nf3 e6 4. e3 Nf6 5. Nc3 Nbd7 6. Bd3 dxc4 7. Bxc4 b5 8. Bd3
a6 9. e4 c5 10. e5 cxd4 11. Ne4 Nd5 12. O-O Be7 13. a4 b4 14. a5 Bb7 15. Bc4
Rc8 16. Qxd4 O-O 17. Bd2 Nc5 18. Nxc5 Bxc5 19. Qg4 Ne7 20. Bg5 Qc7 21. Bd3 Ng6
22. Bxg6 hxg6 23. Rfe1 Bxf3 24. Qxf3 Bd4 25. Rac1 Qxa5 26. Rcd1 Bxe5 27. Be7
Rfe8 28. Rd7 Qb5 29. Rb7 Qd5 30. Qxd5 exd5 31. Bxb4 Bxb2 32. Kf1 Rxe1+ 33. Bxe1
Bc3 34. Bxc3 Rxc3 35. Rb6 Ra3 36. Rd6 Ra5 37. Rd8+ Kh7 38. Rd6 g5 39. Ke2 f6
40. h3 Kg6 41. g4 Kf7 42. f3 Ke7 43. Rb6 Ra2+ 44. Ke3 Ra3+ 45. Kd4 Rxf3 46.
Kxd5 Rxh3 47. Rb7+ Kf8 48. Ke4 Kg8 49. Kf5 Kh7 50. Ke4 Rg3 0-1

[Event "CAN-op"]
[Site "Windsor CAN"]
[Date "2016.07.13"]
[Round "4.16"]
[White "Zhang, Henry"]
[Black "Chiku-Ratte, Olivier-Kenta"]
[Result "0-1"]
[WhiteElo "2096"]
[BlackElo "2474"]
[PlyCount "44"]
[EventDate "2016.07.10"]
[EventType "swiss"]
[EventRounds "9"]
[EventCountry "CAN"]

1. e4 c5 2. Nf3 e6 3. c4 a6 4. Nc3 Qc7 5. Be2 d6 6. O-O Nf6 7. d4 cxd4 8. Nxd4
Be7 9. Be3 O-O 10. Rc1 b6 11. Qd2 Bb7 12. f3 Nbd7 13. Rfd1 Rac8 14. Bf1 Rfe8
15. a3 Qb8 16. b4 Bd8 17. Kh1 Bc7 18. Nb3 h5 19. Qf2 d5 20. cxd5 Bxh2 21. Bxb6
Bg3 22. Qe2 Qf4 0-1

[Event "CAN-op"]
[Site "Windsor CAN"]
[Date "2016.07.14"]
[Round "5.12"]
[White "Chiku-Ratte, Olivier-Kenta"]
[Black "Talukdar, Rohan"]
[Result "1/2-1/2"]
[WhiteElo "2474"]
[BlackElo "2218"]
[PlyCount "74"]
[EventDate "2016.07.10"]
[EventType "swiss"]
[EventRounds "9"]
[EventCountry "CAN"]

1. d4 Nf6 2. c4 g6 3. Nc3 Bg7 4. e4 d6 5. f4 O-O 6. Nf3 c5 7. d5 e6 8. Be2 exd5
9. cxd5 Re8 10. Nd2 a6 11. a4 Ng4 12. Bxg4 Qh4+ 13. g3 Qxg4 14. Qxg4 Bxg4 15.
Kf2 Bd4+ 16. Kg2 Nd7 17. h3 Bxc3 18. bxc3 Be2 19. Re1 Bd3 20. Re3 c4 21. Ba3 f5
22. Kf3 Nf6 23. exf5 Nxd5 24. Rxe8+ Rxe8 25. fxg6 Re3+ 26. Kg4 hxg6 27. Bxd6
Nxc3 28. Be5 Nd5 29. a5 c3 30. Nb3 c2 31. Nd4 Be4 32. h4 Rd3 33. Rc1 Rd1 34.
Nb3 Ne3+ 35. Kg5 Bd5 36. Bd4 Bxb3 37. Bxe3 Rd3 1/2-1/2

[Event "CAN-op"]
[Site "Windsor CAN"]
[Date "2016.08.15"]
[Round "6.11"]
[White "Hua, Eugene"]
[Black "Chiku-Ratte, Olivier-Kenta"]
[Result "1-0"]
[WhiteElo "2215"]
[BlackElo "2474"]
[PlyCount "85"]
[EventDate "2016.07.10"]
[EventType "swiss"]
[EventRounds "9"]
[EventCountry "CAN"]

1. c4 Nf6 2. g3 c5 3. Bg2 g6 4. Nf3 Bg7 5. Nc3 O-O 6. d4 cxd4 7. Nxd4 Nc6 8.
O-O Qa5 9. Nb3 Qh5 10. e4 d6 11. Qxh5 Nxh5 12. c5 dxc5 13. Nxc5 Rd8 14. Be3 Nf6
15. h3 Nd7 16. Rad1 Bxc3 17. bxc3 Nxc5 18. Rxd8+ Nxd8 19. Bxc5 Nc6 20. Rb1 e5
21. f4 b6 22. Bd6 Be6 23. c4 Bxc4 24. Rc1 b5 25. Bf1 Na5 26. Bxe5 Bxf1 27. Kxf1
Nc4 28. Bc3 Rc8 29. Ke2 Kf8 30. g4 Ke7 31. Rd1 Rc7 32. Bb4+ Ke6 33. f5+ Kf6 34.
Bc3+ Kg5 35. Kf3 gxf5 36. h4+ Kh6 37. exf5 Re7 38. Kf4 Re2 39. Rd8 Rf2+ 40. Kg3
Rc2 41. Bf6 Rxa2 42. Bg5+ Kg7 43. f6+ 1-0

[Event "CAN-op"]
[Site "Windsor CAN"]
[Date "2016.07.16"]
[Round "8.12"]
[White "Chiku-Ratte, Olivier-Kenta"]
[Black "Shi, Diwen"]
[Result "0-1"]
[WhiteElo "2474"]
[BlackElo "2224"]
[PlyCount "92"]
[EventDate "2016.07.10"]
[EventType "swiss"]
[EventRounds "9"]
[EventCountry "CAN"]

1. d4 Nf6 2. c4 e6 3. Nc3 Bb4 4. e3 O-O 5. Nge2 d5 6. a3 Be7 7. cxd5 exd5 8.
Nf4 Re8 9. Bd3 c6 10. O-O Nbd7 11. f3 Nb6 12. Bc2 c5 13. Nce2 Bf8 14. g4 h6 15.
dxc5 Bxc5 16. Nd4 Nc4 17. Qd3 Ne5 18. Qc3 b6 19. b3 Ba6 20. Rf2 Rc8 21. Qd2
Bxd4 22. exd4 Nexg4 23. fxg4 Nxg4 24. Bf5 Nxf2 25. Bxc8 Ne4 26. Bxa6 Nxd2 27.
Bxd2 Qf6 28. Rf1 Qxd4+ 29. Rf2 Qa1+ 30. Kg2 Qxa3 31. Bb7 Rd8 32. b4 Qb3 33. h4
Qc4 34. Be3 Rd7 35. Ba8 Qxb4 36. h5 Rd8 37. Bb7 Rd7 38. Bxd5 Rxd5 39. Nxd5 Qe4+
40. Kg3 Qxd5 41. Kg4 Qe6+ 42. Kf4 Qh3 43. Ra2 Qh4+ 44. Ke5 Qxh5+ 45. Kd6 Qh3
46. Re2 Qe6+ 0-1

[Event "CAN-op"]
[Site "Windsor CAN"]
[Date "2016.07.17"]
[Round "9.15"]
[White "Fan, Run Kun"]
[Black "Chiku-Ratte, Olivier-Kenta"]
[Result "0-1"]
[WhiteElo "2074"]
[BlackElo "2474"]
[PlyCount "64"]
[EventDate "2016.07.10"]
[EventType "swiss"]
[EventRounds "9"]
[EventCountry "CAN"]

1. c4 Nf6 2. Nf3 c5 3. g3 b6 4. Bg2 Bb7 5. Nc3 e6 6. O-O Be7 7. d4 Ne4 8. Nxe4
Bxe4 9. d5 exd5 10. cxd5 O-O 11. Qb3 Bf6 12. Bf4 Re8 13. Rfe1 d6 14. h4 Na6 15.
Nd2 Bxg2 16. Kxg2 Nc7 17. Nc4 Be7 18. e4 b5 19. Na5 Nxd5 20. Qxd5 Qxa5 21. e5
dxe5 22. Rxe5 Red8 23. Qe4 Bf8 24. a4 bxa4 25. Rxa4 Qb5 26. Ra2 a6 27. Qe2 Rd3
28. b4 Qc6+ 29. Kh2 c4 30. Qc2 Rad8 31. Re4 c3 32. Re3 Rd1 0-1